Manual de métodos creativos
Na minha lista:
| Autor principal: | |
|---|---|
| Formato: | Livro |
| Idioma: | espanhol |
| Publicado em: |
Buenos Aires
Kapelusz
1979
|
| Colecção: | Colección Estudios e Investigaciones
|
| Assuntos: | |
| Tags: |
Adicionar Tag
Sem tags, seja o primeiro a adicionar uma tag!
|
MARC
| LEADER | 00000nam a2200000 a 4500 | ||
|---|---|---|---|
| 001 | UCW7797 | ||
| 003 | CL-VaPUC | ||
| 008 | 930903e19790000AG |||||||||||||||||spa|d | ||
| 082 | 0 | 4 | |a 371.33042 |b SIK |2 21 |
| 100 | 0 | |a Sikora, Joachim |e author |9 313017 | |
| 245 | 1 | 0 | |a Manual de métodos creativos |
| 300 | |a 189 p | ||
| 942 | |c BK | ||
| 945 | |d 19930903 00:00:00 | ||
| 260 | |a Buenos Aires |b Kapelusz |c 1979 | ||
| 650 | 0 | |a Aptitud creadora |9 307292 | |
| 650 | 0 | |a Métodos de enseñanza |9 270413 | |
| 583 | |a last modification |c 19930903 00:00:00 |k Rodrigo Vera | ||
| 490 | 0 | |a Colección Estudios e Investigaciones | |
| 999 | |c 220458 |d 220456 | ||
| 952 | |0 0 |1 0 |4 0 |6 371_330420000000000_SIK_1979 |7 0 |8 P |9 212688 |a BIBEDU |b BIBEDU |c BIBEDU_PB |d 2019-11-15 |i 2808633 |o 371.33042 SIK 1979 |p 2808633 |r 2024-01-25 |w 2019-11-15 |y BK |k EDU | ||
| 952 | |0 0 |1 0 |4 0 |6 371_330420000000000_SIK_1979 |7 0 |8 P |9 212689 |a BIBEDU |b BIBEDU |c BIBEDU_PB |d 2019-11-15 |i 2808641 |o 371.33042 SIK 1979 |p 2808641 |r 2024-01-25 |w 2019-11-15 |y BK |k EDU | ||
| 952 | |0 0 |1 0 |4 0 |6 371_330420000000000_SIK_1979 |7 0 |8 P |9 212690 |a BIBEDU |b BIBEDU |c BIBEDU_PB |d 2019-11-15 |i 280865K |o 371.33042 SIK 1979 |p 280865K |r 2024-01-25 |w 2019-11-15 |y BK |k EDU | ||
| 952 | |0 0 |1 0 |4 0 |6 371_330420000000000_SIK_1979 |7 0 |8 P |9 212691 |a BIBEDU |b BIBEDU |c BIBEDU_PB |d 2019-11-15 |i 2808668 |o 371.33042 SIK 1979 |p 2808668 |r 2024-01-25 |w 2019-11-15 |y BK |k EDU | ||
| 952 | |0 0 |1 0 |4 0 |6 371_330420000000000_SIK_1979 |7 0 |8 P |9 212692 |a BIBEDU |b BIBEDU |c BIBEDU_PB |d 2019-11-15 |i 2808676 |o 371.33042 SIK 1979 |p 2808676 |r 2024-01-25 |w 2019-11-15 |y BK |k EDU | ||
| 952 | |0 0 |1 0 |4 0 |6 371_330420000000000_SIK_1979 |7 0 |8 P |9 212693 |a BIBEDU |b BIBEDU |c BIBEDU_PB |d 2019-11-15 |i 4108671 |o 371.33042 SIK 1979 |p 4108671 |r 2024-01-25 |w 2019-11-15 |y BK |k EPE | ||